Francisco María Tubino (1833-1888) y la revista de Bellas Artes (1866-1868) / (Record no. 182432)

MARC details
000 -LEADER
campo de control de longitud fija 00872nam a2200181 i 4500
001 - NÚMERO DE CONTROL
campo de control 182432
003 - IDENTIFICADOR DE NÚMERO DE CONTROL
campo de control ES-MaACL
005 - FECHA Y HORA DE LA ÚLTIMA TRANSACCIÓN
campo de control 20250805050016.0
008 - DATOS DE LONGITUD FIJA--INFORMACIÓN GENERAL
campo de control de longitud fija 130814s1991 sp |||| | spa d
100 1# - ENTRADA PRINCIPAL--NOMBRE DE PERSONA
Nombre de persona Rueda Muñoz de San Pedro, García.
9 (RLIN) 153246
245 10 - MENCIÓN DEL TÍTULO
Título Francisco María Tubino (1833-1888) y la revista de Bellas Artes (1866-1868) /
Mención de responsabilidad, etc. G. Rueda Muñoz de San Pedro.
260 ## - PUBLICACIÓN, DISTRIBUCIÓN, ETC.
Lugar de publicación, distribución, etc. [Madrid :
Nombre del editor, distribuidor, etc. Instituto de Conservación y Restauración de Bienes Culturales,
Fecha de publicación, distribución, etc. 1991]
300 ## - DESCRIPCIÓN FÍSICA
Extensión P.59-63 ;
Dimensiones 30 cm.
595 ## -
-- Separata de la publicación: Historiografía de la arqueología y de la historia antigua en España (siglos XVIII-XX) .- Madrid : Instituto de Conservación y Restauración de Bienes Culturales, 1991.
600 14 - PUNTO DE ACCESO ADICIONAL DE MATERIA--NOMBRE DE PERSONA
Nombre de persona Tubino, Francisco María,
Fechas asociadas al nombre 1833-1888
9 (RLIN) 111620
852 ## - LOCALIZACIÓN
Ubicación ES-MaACL
Número de control de estantería 2324-F-16
Nota libre .- Ejemplar fotocopiado
Holdings
Estatus retirado Estado de pérdida Estado de daño No para préstamo Colección Biblioteca de origen Biblioteca actual Ubicación en estantería Fecha de adquisición Fuente de adquisición Total de préstamos Signatura topográfica completa Código de barras Visto por última vez Precio de reemplazo Tipo de ítem Koha
        Colección de folletos Biblioteca del Ateneo de Madrid Biblioteca del Ateneo de Madrid Depósito folletos 14/08/2013     2324-F-16 1191712 23/02/2023 23/02/2023 Folleto